000 00438nam a22001577a 4500
005 20251108164022.0
008 250721s2002 xx 000 0 ara d
082 1 4 _a133.5/مني
100 1 _aالمنياوي، فاطمة هاشم الخطيب
245 1 0 _aتوقعات فلكية /
264 1 _aعمان :
_bالمؤلف،
_c2002.
300 _a167ص.
650 1 7 _aالسحر و التنجيم
942 _2ddc
_cBK
999 _c1559
_d1559